000 00364nam a2200133 i 4500
001 bg
100 1 _aMASIUK, Stanisław.
245 0 _aDynamika procesów technologii chemicznej :
_bpodstawy matematyczne.
_nCz. 1 /
_cStanisław Masiuk.
260 _aSzczecin,
_c1973.
040 _cBPK
041 _apol
942 _cKS
008 s pl f |000 0 pol
999 _c26002
_d26002
856 _uhttp://koha.tu.koszalin.pl/cgi-bin/koha/opac-detail.pl?biblionumber=26002
_yKatalog online BPK